000 00760nam a2200205Ii 4500
003 JO-AjNU
008 230605s9999||||xx |||||||||||||| ||und||
040 _aJO-AjNU
_bara
_erda
_cJO-AjNU
041 _aara
050 1 4 _aLC3965.A2248 1985
100 3 _aتأليف عبد الغفار، عبد السلام ؛ يوسف محمود الشيخ,
_eauthor
_952649
245 0 0 _aسيكولوجية الطفل غير العادي والتربية الخاصة
250 _aط1
264 3 1 _aالقاهرة: دار النهضة العربية، 1985
300 _a245ص
336 _atext
_btxt
_2rdacontent
337 _aunmediated
_bn
_2rdamedia
338 _avolume
_bnc
_2rdacarrier
650 4 _aتربية خاصة - سيكولوجية الأطفال
_952650
999 _aA23335
_c26903
_d26903